header

Beyond the bottom line (Record no. 657)

MARC details
000 -LEADER
fixed length control field 01407nam a22003374a 4500
082 04 - DEWEY DECIMAL CLASSIFICATION NUMBER
Classification number 658.4/08
100 1# - MAIN ENTRY--AUTHOR NAME
Personal name Quarter, Jack.
245 10 - TITLE STATEMENT
Title Beyond the bottom line
260 ## - PUBLICATION, DISTRIBUTION, ETC. (IMPRINT)
Place of publication Westport, Conn. :
Name of publisher Quorum Books,
Year of publication 2000.
300 ## - PHYSICAL DESCRIPTION
Number of Pages xii, 203 p. :
Other physical details ill.
650 #0 - SUBJECT ADDED ENTRY--TOPICAL TERM
Topical Term Social responsibility of business
Topical Term Industrial management
Topical Term Industrial management
Topical Term Businesspeople
Topical Term Business ethics
856 40 - ELECTRONIC LOCATION AND ACCESS
Uniform Resource Identifier http://site.ebrary.com/lib/rucke/Doc?id=5003892

No items available.

© 2026 Rongo University
Contact us: librarian | system librarian | Rongo university